[Event "GER-chT Lands U20"]
[Site "Wuerzburg"]
[Date "2019.10.02"]
[Round "1.8"]
[White "Sinnhoefer, Lilian"]
[Black "Brunner, Sophia"]
[Result "0-1"]
[WhiteElo "1442"]
[BlackElo "1968"]
[PlyCount "83"]
[EventDate "2019.10.01"]
[EventType "team-swiss"]
[EventRounds "7"]
[EventCountry "GER"]
[SourceTitle "EXT 2020"]
[Source "ChessBase"]
[SourceDate "2019.10.17"]
[SourceVersion "1"]
[SourceVersionDate "2019.10.17"]
[SourceQuality "1"]
[WhiteTeam "Bremen/Niedersachsen"]
[BlackTeam "Niedersachsen"]
[WhiteTeamCountry "GER"]
[BlackTeamCountry "GER"]

1. e4 e6 2. d4 d5 3. Nd2 Nf6 4. e5 Nfd7 5. Bd3 c5 6. c3 Nc6 7. Ne2 cxd4 8. cxd4 f6 9. exf6 Nxf6 10. Nf3 Bd6 11. 0-0 Qc7 12. Bg5 0-0 13. Bh4 Nh5 14. Qc2 h6 15. Bh7+ Kh8 16. Bg6 Rxf3 17. Bxh5 Rf5 18. Bg6 Bxh2+ 19. Kh1 Bd6 20. Bxf5 exf5 21. Bg3 f4 22. Bh2 Qf7 23. Rae1 Bd7 24. Qd2 Rf8 25. f3 Qf6 26. Nc3 Qh4 27. Qf2 Qxf2 28. Rxf2 Rf5 29. Rd1 Kg8 30. Ne2 g5 31. g3 Kf7 32. gxf4 gxf4 33. Rg2 Ne7 34. Rdg1 Rf6 35. Rg7+ Ke8 36. Rh7 a6 37. Rhg7 b5 38. Rh7 b4 39. Rgg7 Bb5 40. Rh8+ Rf8 41. Rxf8+ Kxf8 42. Rg2 0-1

[Event "GER-chT U12"]
[Site "Magdeburg"]
[Date "2016.12.28"]
[Round "3.3"]
[White "Sinnhoefer, Lilian"]
[Black "Schroeder, Lennart"]
[Result "1-0"]
[WhiteElo "1434"]
[BlackElo "1400"]
[PlyCount "127"]
[EventDate "2016.12.27"]
[EventType "team-swiss"]
[EventRounds "7"]
[EventCountry "GER"]
[SourceTitle "EXT 2018"]
[Source "ChessBase"]
[SourceDate "2017.10.13"]
[SourceVersion "1"]
[SourceVersionDate "2017.10.13"]
[SourceQuality "1"]
[WhiteTeam "Delmenhorst"]
[BlackTeam "Muenster"]
[WhiteTeamCountry "GER"]
[BlackTeamCountry "GER"]

1. e4 c5 2. Nf3 d6 3. d4 cxd4 4. Nxd4 Nf6 5. Nc3 g6 6. Bg5 Bg7 7. Qd2 Nc6 8. Bb5 Bd7 9. Nxc6 bxc6 10. Bc4 Rb8 11. Bb3 0-0 12. 0-0 Qa5 13. Rfe1 Rfd8 14. Rad1 Be6 15. Qe3 Ng4 16. Qd2 Rb7 17. h3 Ne5 18. f4 Nc4 19. Bxc4 Bxc4 20. e5 d5 21. b3 Ba6 22. Na4 Qc7 23. Nc5 Rb6 24. Qa5 Bc8 25. Bh4 h6 26. Bf2 e6 27. Rd4 Bf8 28. Ra4 Bxc5 29. Bxc5 Rb7 30. Qxc7 Rxc7 31. Rxa7 Rxa7 32. Bxa7 Bb7 33. Bc5 Ra8 34. a4 Kg7 35. Rd1 Ba6 36. Rd4 Rb8 37. Kf2 g5 38. fxg5 hxg5 39. Be7 Kh6 40. Rg4 Rg8 41. Rb4 Bc8 42. Bf6 Bd7 43. Rb7 Bc8 44. Rxf7 c5 45. Rc7 c4 46. bxc4 dxc4 47. Rxc4 Kg6 48. a5 Rf8 49. Rc6 Bb7 50. Rxe6 Ra8 51. g4 Rc8 52. Bd8+ Kf7 53. Re7+ Kg6 54. Rxb7 Rxd8 55. Ke3 Rd5 56. Rb6+ Kf7 57. e6+ Ke7 58. a6 Ra5 59. c4 Ke8 60. Kd4 Ke7 61. c5 Kd8 62. Kd5 Ke7 63. Rb7+ Ke8 64. a7 1-0

[Event "GER-ch U12 Girls"]
[Site "Willingen"]
[Date "2016.05.16"]
[Round "4"]
[White "Schnabel, Luise"]
[Black "Sinnhoefer, Lilian"]
[Result "1-0"]
[WhiteElo "1516"]
[BlackElo "1411"]
[PlyCount "137"]
[EventDate "2016.05.15"]
[EventType "swiss"]
[EventRounds "11"]
[EventCountry "GER"]
[SourceTitle "CBM 172 Extra"]
[Source "ChessBase"]
[SourceDate "2016.06.21"]
[SourceVersion "1"]
[SourceVersionDate "2016.06.21"]
[SourceQuality "1"]

1. e4 d5 2. exd5 Qxd5 3. Nc3 Qa5 4. d4 Nf6 5. Bd2 Qb6 6. Nf3 Bg4 7. Be2 Nc6 8. d5 Nb4 9. Na4 Qd6 10. c4 e6 11. a3 Na6 12. Bc3 exd5 13. Bxf6 Qxf6 14. Qxd5 c6 15. Qe4+ Qe6 16. Qxe6+ Bxe6 17. Rd1 Rd8 18. Rxd8+ Kxd8 19. 0-0 Be7 20. Rd1+ Kc7 21. Nd4 Bd7 22. b4 Re8 23. c5 Bf6 24. Bxa6 bxa6 25. f3 Bc8 26. Nc3 Re3 27. Ne4 Bxd4 28. Rxd4 Rxa3 29. Nd6 Be6 30. Ne8+ Kc8 31. Nxg7 Bd7 32. Nh5 a5 33. Nf6 Bf5 34. Ne4 Bxe4 35. Rxe4 axb4 36. Rxb4 a5 37. Rf4 a4 38. Rxf7 Rc3 39. Rxh7 Rxc5 40. Ra7 Rc4 41. g4 Kb8 42. Ra5 Rc3 43. Kg2 a3 44. Kg3 Kc7 45. g5 Kd7 46. h4 Ke7 47. h5 Rd3 48. h6 Rd8 49. Rxa3 Kf7 50. Ra7+ Kg8 51. Rc7 Rd5 52. Kg4 c5 53. g6 Rd8 54. Rxc5 Rf8 55. Rc7 Re8 56. f4 Kh8 57. Kg5 Kg8 58. f5 Rd8 59. f6 Kh8 60. Rh7+ Kg8 61. f7+ Kf8 62. Rh8+ Ke7 63. Rxd8 Kxd8 64. f8Q+ Kd7 65. Qf6 Kc7 66. g7 Kd7 67. g8R Kc7 68. Rg7+ Kc8 69. Qf8# 1-0

[Event "Niedersachsen-ch op-C"]
[Site "Verden"]
[Date "2016.01.06"]
[Round "7"]
[White "Sinnhoefer, Lilian"]
[Black "Niemann, Leon Pascal"]
[Result "1/2-1/2"]
[WhiteElo "1301"]
[BlackElo "1090"]
[PlyCount "94"]
[EventDate "2016.01.03"]
[EventType "swiss"]
[EventRounds "7"]
[EventCountry "GER"]
[SourceTitle "EXT 2018"]
[Source "ChessBase"]
[SourceDate "2017.10.13"]
[SourceVersion "1"]
[SourceVersionDate "2017.10.13"]
[SourceQuality "1"]

1. e4 c5 2. Nf3 Nc6 3. Nc3 g6 4. Bc4 Bg7 5. 0-0 Nf6 6. Re1 0-0 7. h3 h6 8. Nh4 e6 9. a3 d5 10. exd5 Nxd5 11. Nf3 a6 12. Nxd5 exd5 13. Ba2 b5 14. d3 Be6 15. c4 dxc4 16. dxc4 Qxd1 17. Rxd1 Na5 18. cxb5 Bxa2 19. Rxa2 axb5 20. b4 cxb4 21. axb4 Nc6 22. Rxa8 Rxa8 23. Be3 Nxb4 24. Rb1 Ra1 25. Rxa1 Bxa1 26. Kf1 h5 27. Ke2 Nc2 28. Bf4 Nd4+ 29. Nxd4 Bxd4 30. Be3 Bxe3 31. Kxe3 Kf8 32. Kd4 Ke7 33. Kc5 Ke6 34. Kxb5 Kd5 35. Kb6 Kd6 36. Kb5 f5 37. Kc4 Ke5 38. Kd3 Kf4 39. Ke2 h4 40. Kf1 g5 41. Kg1 g4 42. hxg4 fxg4 43. Kh2 Kf5 44. f3 gxf3 45. gxf3 Kf4 46. Kg2 h3+ 47. Kxh3 Kxf3 1/2-1/2

[Event "Niedersachsen-ch op-C"]
[Site "Verden"]
[Date "2016.01.05"]
[Round "6"]
[White "Hoke, Adrian Neo"]
[Black "Sinnhoefer, Lilian"]
[Result "0-1"]
[WhiteElo "1171"]
[BlackElo "1301"]
[PlyCount "46"]
[EventDate "2016.01.03"]
[EventType "swiss"]
[EventRounds "7"]
[EventCountry "GER"]
[SourceTitle "EXT 2018"]
[Source "ChessBase"]
[SourceDate "2017.10.13"]
[SourceVersion "1"]
[SourceVersionDate "2017.10.13"]
[SourceQuality "1"]

1. c3 d5 2. d4 Nf6 3. Nf3 e6 4. e3 Bd6 5. Bd3 Nc6 6. 0-0 e5 7. dxe5 Nxe5 8. Nxe5 Bxe5 9. Nd2 Qd6 10. Nf3 Bg4 11. h3 Bxf3 12. Qxf3 h5 13. Rd1 g5 14. Bf5 g4 15. hxg4 hxg4 16. Bxg4 Bh2+ 17. Kf1 Be5 18. Bf5 Ke7 19. a4 Qa6+ 20. Bd3 Qd6 21. Bd2 Rag8 22. e4 Ng4 23. Qe2 Rh1# 0-1

[Event "Niedersachsen-ch op-C"]
[Site "Verden"]
[Date "2016.01.04"]
[Round "4"]
[White "Bilek, Thomas"]
[Black "Sinnhoefer, Lilian"]
[Result "1-0"]
[WhiteElo "1175"]
[BlackElo "1301"]
[PlyCount "111"]
[EventDate "2016.01.03"]
[EventType "swiss"]
[EventRounds "7"]
[EventCountry "GER"]
[SourceTitle "EXT 2018"]
[Source "ChessBase"]
[SourceDate "2017.10.13"]
[SourceVersion "1"]
[SourceVersionDate "2017.10.13"]
[SourceQuality "1"]

1. d4 d5 2. Nc3 Nf6 3. Bf4 e6 4. f3 Bb4 5. Qd2 Nc6 6. e3 a6 7. Bd3 Qe7 8. Nge2 e5 9. dxe5 Nxe5 10. a3 Nxd3+ 11. Qxd3 Bxc3+ 12. Nxc3 Nh5 13. Bg3 c6 14. 0-0-0 Nf6 15. Rhe1 0-0 16. e4 dxe4 17. Nxe4 Be6 18. Bd6 Qe8 19. Nxf6+ gxf6 20. Bxf8 Qxf8 21. f4 Bg4 22. Rd2 Re8 23. Rxe8 Qxe8 24. b3 Bh5 25. Qd8 Qxd8 26. Rxd8+ Kg7 27. Rd7 Bg6 28. Rxb7 Be4 29. g3 h5 30. Rb6 a5 31. Ra6 Kg6 32. Rxa5 f5 33. Rc5 f6 34. a4 h4 35. a5 hxg3 36. hxg3 Kh5 37. a6 Kg4 38. a7 Kxg3 39. a8Q Kxf4 40. Qb8+ Kg5 41. Qg8+ Kf4 42. Rc3 Ke5 43. Qg7 Ke6 44. Qg8+ Ke5 45. Rc5+ Kf4 46. Qg7 Kf3 47. Rc3+ Kf2 48. Qg3+ Kf1 49. Kd2 c5 50. Ke3 f4+ 51. Qxf4+ Kg1 52. Qxe4 f5 53. Qxf5 Kg2 54. Qg4+ Kh2 55. Kf3 Kh1 56. Qg2# 1-0

[Event "GER-ch U12"]
[Site "Willingen"]
[Date "2015.05.28"]
[Round "8"]
[White "Sinnhoefer, Lilian"]
[Black "Gutmann, Anna"]
[Result "0-1"]
[WhiteElo "1106"]
[BlackElo "1303"]
[PlyCount "124"]
[EventDate "2015.05.24"]
[EventType "swiss"]
[EventRounds "11"]
[EventCountry "GER"]
[SourceTitle "CBM 166 Extra"]
[Source "ChessBase"]
[SourceDate "2015.06.18"]
[SourceVersion "1"]
[SourceVersionDate "2015.06.18"]
[SourceQuality "1"]

1. e4 c5 2. Nf3 d6 3. d4 cxd4 4. Nxd4 Nf6 5. Nc3 g6 6. Be3 Bg7 7. f3 0-0 8. Qd2 Nc6 9. g4 Nxd4 10. Bxd4 Be6 11. h4 Qa5 12. Be3 Rfc8 13. h5 Nxg4 14. fxg4 Rxc3 15. Bd3 Ra3 16. Qxa5 Rxa5 17. hxg6 fxg6 18. c3 Bxg4 19. a3 Rh5 20. Bc4+ Kh8 21. Rf1 Rf8 22. Rxf8+ Bxf8 23. Rb1 Rh1+ 24. Bf1 Bh3 25. Kf2 Bxf1 26. Rxf1 Rxf1+ 27. Kxf1 h5 28. Bxa7 Bh6 29. b3 g5 30. Kg2 Kg8 31. Bd4 Kf7 32. e5 Ke6 33. exd6 exd6 34. Kf3 Kf5 35. b4 b5 36. Bb6 g4+ 37. Kg3 Bf4+ 38. Kh4 Ke4 39. Kxh5 Be3 40. Bc7 g3 41. Bxd6 g2 42. Bh2 g1Q 43. Bxg1 Bxg1 44. Kg4 Kd3 45. Kf3 Kxc3 46. Ke2 Kb3 47. Kd3 Kxa3 48. Kc3 Ka4 49. Kc2 Kxb4 50. Kb2 Bd4+ 51. Kb1 Ka3 52. Kc2 Ka2 53. Kd3 b4 54. Kxd4 b3 55. Kd3 b2 56. Kd2 b1Q 57. Kc3 Qe4 58. Kd2 Qf3 59. Kc1 Qg2 60. Kd1 Kb3 61. Ke1 Kc3 62. Kd1 Qd2# 0-1

[Event "GER-ch U12"]
[Site "Willingen"]
[Date "2015.05.25"]
[Round "4"]
[White "Sinnhoefer, Lilian"]
[Black "Schneider, Edward"]
[Result "0-1"]
[WhiteElo "1106"]
[BlackElo "1395"]
[PlyCount "108"]
[EventDate "2015.05.24"]
[EventType "swiss"]
[EventRounds "11"]
[EventCountry "GER"]
[SourceTitle "CBM 166 Extra"]
[Source "ChessBase"]
[SourceDate "2015.06.18"]
[SourceVersion "1"]
[SourceVersionDate "2015.06.18"]
[SourceQuality "1"]

1. e4 e5 2. Nf3 Nc6 3. d4 exd4 4. Nxd4 Bc5 5. Be3 Qf6 6. c3 Qg6 7. Qf3 a6 8. Bd3 Ne5 9. Qe2 Nxd3+ 10. Qxd3 Qxg2 11. Rf1 Qxh2 12. Nf3 Qd6 13. Qxd6 Bxd6 14. Rg1 Bf8 15. Nbd2 d6 16. 0-0-0 Be6 17. Ng5 h6 18. Ngf3 Ne7 19. e5 dxe5 20. Nxe5 f6 21. Ng6 Nxg6 22. Rxg6 Bf7 23. Rgg1 0-0-0 24. Nb3 Rxd1+ 25. Rxd1 Bxb3 26. axb3 Bd6 27. Rg1 g5 28. Bd4 Be5 29. Bxe5 fxe5 30. Kd2 Kd7 31. Ke3 Ke6 32. Ke4 c6 33. b4 Rf8 34. f3 Rf4+ 35. Ke3 Kf5 36. Rg2 e4 37. fxe4+ Rxe4+ 38. Kf3 Rf4+ 39. Ke3 g4 40. Rh2 Rf3+ 41. Ke2 Kg5 42. Rg2 h5 43. Rh2 h4 44. Rg2 Kf4 45. Rg1 g3 46. Rh1 Rf2+ 47. Ke1 Kg4 48. Kd1 g2 49. Rg1 Rf1+ 50. Rxf1 gxf1Q+ 51. Kc2 h3 52. Kb3 b5 53. Ka3 Qa1+ 54. Kb3 Qa4# 0-1

[Event "GER-ch U12"]
[Site "Willingen"]
[Date "2015.05.24"]
[Round "2"]
[White "Sinnhoefer, Lilian"]
[Black "Ewerhardy, Moritz"]
[Result "1/2-1/2"]
[WhiteElo "1106"]
[BlackElo "1376"]
[PlyCount "73"]
[EventDate "2015.05.24"]
[EventType "swiss"]
[EventRounds "11"]
[EventCountry "GER"]
[SourceTitle "CBM 166 Extra"]
[Source "ChessBase"]
[SourceDate "2015.06.18"]
[SourceVersion "1"]
[SourceVersionDate "2015.06.18"]
[SourceQuality "1"]

1. e4 e5 2. Nf3 Nf6 3. Nc3 Nc6 4. d4 exd4 5. Nxd4 Bb4 6. Nxc6 bxc6 7. Qd4 Qe7 8. Bg5 Qxe4+ 9. Qxe4+ Nxe4 10. Bd2 Nxc3 11. bxc3 Ba3 12. Bd3 0-0 13. 0-0 d5 14. Rfe1 Bd7 15. Re3 Rfe8 16. Rg3 Bd6 17. Rf3 Bg4 18. Re3 Rf8 19. Ree1 Rfe8 20. Rxe8+ Rxe8 21. h3 Bh5 22. Rb1 Bc5 23. Re1 f6 24. Bf5 Rxe1+ 25. Bxe1 Be8 26. Be6+ Kf8 27. Bf5 g6 28. Bc8 f5 29. Bd2 Ke7 30. Bg5+ Kd6 31. Bf4+ Ke7 32. Bxc7 Bd6 33. Ba5 Bd7 34. Ba6 c5 35. Be2 Ba4 36. Bd1 Bb5 37. g3 1/2-1/2

[Event "Niedersachsen-ch op-B"]
[Site "Verden"]
[Date "2015.01.02"]
[Round "1"]
[White "Sinnhoefer, Lilian"]
[Black "Grasser, Stefan"]
[Result "0-1"]
[WhiteElo "1286"]
[BlackElo "1784"]
[PlyCount "46"]
[EventDate "2015.01.02"]
[EventType "swiss"]
[EventRounds "7"]
[EventCountry "GER"]
[SourceTitle "EXT 2018"]
[Source "ChessBase"]
[SourceDate "2017.10.13"]
[SourceVersion "1"]
[SourceVersionDate "2017.10.13"]
[SourceQuality "1"]

1. e4 c5 2. Nc3 Nc6 3. Nf3 e6 4. d3 Nf6 5. Bg5 Be7 6. d4 d5 7. exd5 exd5 8. dxc5 d4 9. Ne2 Bxc5 10. Ng3 Qa5+ 11. Bd2 Qb6 12. b3 0-0 13. Be2 d3 14. Bxd3 Bxf2+ 15. Kf1 Re8 16. Qb1 Ng4 17. Qb2 Bxg3 18. Nd4 Nxh2+ 19. Rxh2 Bxh2 20. Kf2 Nxd4 21. Re1 Qf6+ 22. Bf5 Qxf5+ 23. Bf4 Qxf4# 0-1

[Event "GER-chT Lands U20"]
[Site "Hannover"]
[Date "2013.10.06"]
[Round "7.8"]
[White "Weiten, Teresa"]
[Black "Sinnhoefer, Lilian"]
[Result "1-0"]
[WhiteElo "976"]
[BlackElo "972"]
[PlyCount "37"]
[EventDate "2013.10.02"]
[EventType "team-swiss"]
[EventRounds "7"]
[EventCountry "GER"]
[SourceTitle "EXT 2014"]
[Source "ChessBase"]
[SourceDate "2013.11.20"]
[SourceVersion "1"]
[SourceVersionDate "2013.11.20"]
[SourceQuality "1"]
[WhiteTeam "Saarland"]
[BlackTeam "Bremen"]
[WhiteTeamCountry "SAA"]
[BlackTeamCountry "GER"]

1. e4 e5 2. Nf3 Nc6 3. Nc3 Nf6 4. d4 exd4 5. Nxd4 Bb4 6. Nxc6 dxc6 7. Bd3 h6 8. 0-0 0-0 9. Qf3 Bg4 10. Qg3 Re8 11. h3 Bh5 12. Bxh6 g6 13. Rfe1 Qd7 14. Bc4 Rad8 15. Rad1 Qe7 16. e5 Nh7 17. f4 Bxd1 18. Qxg6+ Kh8 19. Qg7# 1-0

[Event "GER-ch U10"]
[Site "Oberhof"]
[Date "2013.05.24"]
[Round "9"]
[White "Sinnhoefer, Lilian"]
[Black "Hoefs, Cederik"]
[Result "0-1"]
[WhiteElo "875"]
[BlackElo "915"]
[PlyCount "80"]
[EventDate "2013.05.19"]
[EventType "swiss"]
[EventRounds "11"]
[EventCountry "GER"]
[SourceTitle "CBM 154 Extra"]
[Source "ChessBase"]
[SourceDate "2013.06.25"]
[SourceVersion "2"]
[SourceVersionDate "2013.06.25"]
[SourceQuality "1"]

1. e4 e5 2. Nf3 Nc6 3. Bb5 Bc5 4. 0-0 Nf6 5. Nc3 a6 6. Bxc6 dxc6 7. Nxe5 0-0 8. Nd3 Bb6 9. Re1 Bg4 10. Ne2 Nxe4 11. b3 Re8 12. Ba3 Bh5 13. Bc5 Nxc5 14. Nxc5 Bxc5 15. d4 Bb4 16. Qd3 Bxe1 17. Rxe1 Qe7 18. Kf1 Bxe2+ 19. Rxe2 Qxe2+ 20. Qxe2 Rxe2 21. Kxe2 Re8+ 22. Kd3 Rd8 23. Kc4 f5 24. f4 Kf7 25. Kd3 c5 26. c3 cxd4 27. cxd4 c5 28. g3 cxd4 29. h4 h6 30. h5 g6 31. hxg6+ Kxg6 32. g4 fxg4 33. Ke4 d3 34. f5+ Kf6 35. Kf4 d2 36. Kxg4 d1Q+ 37. Kf4 Rd4+ 38. Kg3 Qd3+ 39. Kf2 Rf4+ 40. Ke1 Rf1# 0-1

[Event "GER-ch U10"]
[Site "Oberhof"]
[Date "2013.05.19"]
[Round "1"]
[White "Sinnhoefer, Lilian"]
[Black "Grund, Sebastian"]
[Result "1-0"]
[WhiteElo "875"]
[BlackElo "1231"]
[PlyCount "151"]
[EventDate "2013.05.19"]
[EventType "swiss"]
[EventRounds "11"]
[EventCountry "GER"]
[SourceTitle "CBM 154 Extra"]
[Source "ChessBase"]
[SourceDate "2013.06.25"]
[SourceVersion "2"]
[SourceVersionDate "2013.06.25"]
[SourceQuality "1"]

1. e4 c5 2. Nf3 e6 3. d4 cxd4 4. Nxd4 Nc6 5. Nxc6 bxc6 6. Nc3 Bb7 7. Bc4 d5 8. exd5 cxd5 9. Bd3 Ne7 10. Bg5 g6 11. Bf6 Rg8 12. Bb5+ Bc6 13. Bxc6+ Nxc6 14. Bxd8 Nxd8 15. 0-0 Bg7 16. Nb5 Kd7 17. Nd4 Rb8 18. Rb1 Rb4 19. c3 Rb8 20. c4 Rb4 21. b3 Nb7 22. a3 Rb6 23. cxd5 Rd6 24. b4 Rxd5 25. Qa4+ Ke7 26. Qc6 Nd8 27. Qc7+ Ke8 28. b5 Rxd4 29. b6 axb6 30. Rxb6 Rd7 31. Qc8 Ke7 32. a4 Bd4 33. Rb5 Re8 34. Rd1 Bxf2+ 35. Kxf2 Rxd1 36. a5 Ra1 37. a6 Kf8 38. Qa8 e5 39. a7 Nc6 40. Qxc6 Rxa7 41. Qc5+ Rae7 42. Rb7 f5 43. Rxe7 Rxe7 44. Qc8+ Kg7 45. Qd8 Rf7 46. Qd5 e4 47. Qe5+ Kh6 48. Qf4+ g5 49. Qd6+ Kg7 50. Qg3 h6 51. h4 f4 52. Qc3+ Rf6 53. Qc7+ Kg6 54. Qc2 Kf5 55. g3 Rd6 56. gxf4 gxf4 57. h5 Rd3 58. Ke2 Kg4 59. Ke1 f3 60. Kf1 Kxh5 61. Ke1 Kg4 62. Kf1 h5 63. Qc8+ Kf4 64. Qf8+ Ke3 65. Qh6+ Kd4 66. Qxh5 Ke3 67. Qh6+ Kd4 68. Kf2 Rd2+ 69. Qxd2+ Ke5 70. Qc3+ Kf4 71. Qf6+ Kg4 72. Qe6+ Kf4 73. Qd6+ Kf5 74. Ke3 Kg4 75. Qf4+ Kh3 76. Qg5 1-0

[Event "GER-ch U10"]
[Site "Oberhof"]
[Date "2013.05.19"]
[Round "2"]
[White "Suvorov, Alexander"]
[Black "Sinnhoefer, Lilian"]
[Result "1-0"]
[WhiteElo "1397"]
[BlackElo "875"]
[PlyCount "63"]
[EventDate "2013.05.19"]
[EventType "swiss"]
[EventRounds "11"]
[EventCountry "GER"]
[SourceTitle "CBM 154 Extra"]
[Source "ChessBase"]
[SourceDate "2013.06.25"]
[SourceVersion "2"]
[SourceVersionDate "2013.06.25"]
[SourceQuality "1"]

1. d4 d5 2. Nf3 Nf6 3. c4 e6 4. cxd5 exd5 5. Nc3 Bb4 6. a3 Bxc3+ 7. bxc3 Nc6 8. Bg5 0-0 9. e3 Bg4 10. Bd3 Qd6 11. h3 Bxf3 12. Qxf3 Na5 13. Bxf6 Qxf6 14. Qxd5 Nc6 15. 0-0 Ne7 16. Qxb7 Qc6 17. Qxc6 Nxc6 18. Be4 Rab8 19. Bxc6 Rb6 20. d5 Rxc6 21. dxc6 Rd8 22. Rad1 Rxd1 23. Rxd1 h6 24. Rd7 Kf8 25. Rxc7 Ke8 26. Rxa7 Kd8 27. Rxf7 g5 28. a4 Kc8 29. Rb7 h5 30. a5 g4 31. a6 gxh3 32. a7 1-0